00611cam a2200169 4500008004100000020001500041035001200056050003100068100002200099245012400121250001500245260005000260300002900310504003200339650002500371650004500396040512s1996 mx a g b 000 0 spa u a9688564788 aa43693900aHV6535 .M4 .M49 bA93 19961 aAzaola G., Elena.13aEl delito de ser mujer :b hombres y mujeres homicidas en la ciudad de México : historias de vida / cElena Azaola G. a1a. reimp. aMéxico :bCIESAS :bPlaza y Valdes, c1996. a185 p. :bils. ;c21 cm. aBibliografía : p. 179-18510aMujeres delincuentes20aAsesinato zMéxico zMéxico (Ciudad)